00689nam a22002057a 4500003000600000005001700006008004100023020001800064020001500082040000800097082001700105245016000122260004700282300004500329650002800374650002400402650001900426650001600445650002200461GBCCL20251106141432.0251106b |||||||| |||| 00| 0 eng d a9781883906139 a188390613X cGBC a253.7bGEO 1 aNine keys to effective small group leadership : bhow lay leaders can establish dynamic and healthy cells, classes, or teams /cCarl F. George, Warren Bird aMansfield, Penn. :bKingdom Pub., c©1997 axvi, 216 pages : illustrations ; b23 cm aChurch development, New a Church group work  aChurch growth  aChurch work aPastoral theology